Microbiology of frozen foods
Salvato in:
| Autore principale: | |
|---|---|
| Natura: | Libro |
| Lingua: | inglese |
| Pubblicazione: |
Londres
Elsevier Applied Science Publishers
1985
|
| Soggetti: | |
| Tags: |
Aggiungi Tag
Nessun Tag, puoi essere il primo ad aggiungerne!!
|
MARC
| LEADER | 00000nam a2200000 a 4500 | ||
|---|---|---|---|
| 001 | UCR5672 | ||
| 003 | CL-VaPUC | ||
| 008 | 980403e19850000UK |||||||||||||||||eng|d | ||
| 082 | 0 | 4 | |a 576.163 |b ROB |2 21 |
| 100 | 0 | |a Robinson, R. K |e author |9 406568 | |
| 245 | 1 | 0 | |a Microbiology of frozen foods |
| 300 | |a 290 p | ||
| 942 | |c BK | ||
| 945 | |d 19980403 00:00:00 |a crobeson | ||
| 260 | |a Londres |b Elsevier Applied Science Publishers |c 1985 | ||
| 650 | 0 | |a Microbiología alimentaria |9 259564 | |
| 650 | 0 | |a Alimentos congelados |9 259336 | |
| 650 | 0 | |a Conservación de los alimentos |9 259337 | |
| 650 | 7 | |a TECNOLOGIA DE ALIMENTOS |2 CL-VaPUC |9 406569 | |
| 650 | 7 | |a CARNE CONGELADA |2 CL-VaPUC |9 406570 | |
| 650 | 7 | |a PESCADO CONGELADO |2 CL-VaPUC |9 406144 | |
| 583 | |a last modification |c 19980403 00:00:00 |k Rodrigo Vera | ||
| 999 | |c 268133 |d 268131 | ||
| 952 | |0 0 |1 0 |4 0 |6 576_163000000000000_ROB_1985 |7 0 |8 A |9 301062 |a BIBALI |b BIBALI |c GEN |d 2019-11-20 |i 1977237 |o 576.163 ROB 1985 |p 1977237 |r 2025-01-20 |w 2019-11-20 |y BK |k ALI | ||